000
00299nam a2200121Ia 4500
008
220204s9999 xx 000 0 und d
082
_a
347.7
_b
SHA
100
_a
SHAH, Shantilal Mohanlal
245
0
_a
Lectures on company law
250
_a
Ed.17
260
_a
Bombay
_b
NM Tripathi
_c
1975
942
_c
BK
999
_c
24131
_d
24131